सुनिल (Record no. 312670)

MARC details
000 -LEADER
fixed length control field 00494nam a2200181Ia 4500
008 - FIXED-LENGTH DATA ELEMENTS--GENERAL INFORMATION
fixed length control field 090711s9999 xx 000 0 und d
082 ## - DEWEY DECIMAL CLASSIFICATION NUMBER
Item number 67790
100 ## - MAIN ENTRY--PERSONAL NAME
Personal name गावसकर सुनील
245 ## - TITLE STATEMENT
Title सुनिल
260 ## - PUBLICATION, DISTRIBUTION, ETC. (IMPRINT)
Date of publication, distribution, etc 1991
300 ## - PHYSICAL DESCRIPTION
Extent 328
600 ## - SUBJECT ADDED ENTRY--PERSONAL NAME
Personal name गावसकर सुनील
630 ## - SUBJECT ADDED ENTRY--UNIFORM TITLE
Uniform title सुनिल
700 ## - ADDED ENTRY--PERSONAL NAME
Personal name कऱ्हाडे संजय
700 ## - ADDED ENTRY--PERSONAL NAME
Personal name गावसकर सुनील
730 ## - ADDED ENTRY--UNIFORM TITLE
Uniform title सुनिल
942 ## - ADDED ENTRY ELEMENTS (KOHA)
Koha item type Book
Holdings
Withdrawn status Lost status Damaged status Not for loan Home library Current library Date acquired Cost, normal purchase price Total Checkouts Full call number Barcode Date last seen Cost, replacement price Price effective from Koha item type
        Dadar Sarvajanik Vachanalaya, Dardar Dadar Sarvajanik Vachanalaya, Dardar 07/11/2009 200.00   67790 DASAVA-67790 07/11/2009 200.00 07/11/2009 Book